Changes in protein profile during different developmental stages of somatic embryogenesis in Hevea brasiliensis (Record no. 55324)

MARC details
000 -LEADER
fixed length control field 00526nam a2200181Ia 4500
100 ## - MAIN ENTRY--AUTHOR NAME
Personal name Jayasree P K
245 #0 - TITLE STATEMENT
Title Changes in protein profile during different developmental stages of somatic embryogenesis in Hevea brasiliensis
260 ## - PUBLICATION, DISTRIBUTION, ETC. (IMPRINT)
Name of publisher Rubber Science
Year of publication 2013
300 ## - PHYSICAL DESCRIPTION
Number of Pages 183-188
650 ## - SUBJECT ADDED ENTRY--TOPICAL TERM
Topical Term Electrophoresis
650 ## - SUBJECT ADDED ENTRY--TOPICAL TERM
Topical Term Protein
650 ## - SUBJECT ADDED ENTRY--TOPICAL TERM
Topical Term SDS-PAGR
650 ## - SUBJECT ADDED ENTRY--TOPICAL TERM
Topical Term Somatic embryogenesis
700 ## - ADDED ENTRY--PERSONAL NAME
Personal name Sajeevan R S
700 ## - ADDED ENTRY--PERSONAL NAME
Personal name Thulaseedharan A
942 ## - ADDED ENTRY ELEMENTS (KOHA)
Koha item type Journals
Holdings
Withdrawn status Lost status Damaged status Not for loan Home library Current library Shelving location Date acquired Serial Enumeration / chronology Koha item type
      Journals RRII Library RRII Library Biotechnology 15/03/2013 Volume 25, Issue 2 Journals